| 000 | 02044nam a22003737a 4500 | ||
|---|---|---|---|
| 003 | dpl | ||
| 005 | 20080911114410.0 | ||
| 008 | 080911t xxu||||| |||| 00| 0 eng d | ||
| 010 | _aDVD-000645-647 | ||
| 024 |
_2A5032 _c599.00 |
||
| 035 | _aDVD-000645-647 | ||
| 040 |
_aDPL _cDPL |
||
| 082 | _aDVD / WITC | ||
| 245 |
_aWitch : _cWalt Disney Home Entertainment _h[videorecording] (DVD) / _bThe Second Collection |
||
| 260 | _bWalt Disney Home Entertainment | ||
| 300 |
_a1 videodiscs (1:26:52 min.): _bsd., col.; _c4 3/4 in. _fDVD |
||
| 440 | _aWalt Disney Home Entertainment | ||
| 500 | _aSole Distributor in India M/s Excel Productions Audio Visuals Pvt. Ltd. | ||
| 500 | _aMeet W.i.t.c.h, five ordinary girls with extraordinary superpowers, and discover the magic and power of friendship. | ||
| 500 | _aConjure Up More Fun, | ||
| 538 | _aDolby Digital 2.0-English,Japanese,Mandarin, Korean, Spanish, Portuguese Subtitles- English, Japanese, Trad Chienese, Korean, Spanish, Portguese Subtitles -English, Chinese, Korean, Bahasa | ||
| 538 | _aAspect Ratio:1.33.1, Presentation Type: Pan & Scan, Presentation Size 4x3, Formation: DVD 9- Dual Layer Single sided Disc, | ||
| 650 | _2Animated Movie | ||
| 700 | _aWill | ||
| 700 | _aIrma | ||
| 700 | _aTaranee | ||
| 700 | _aCornelia | ||
| 700 | _aHay Lin | ||
| 942 |
_2ddc _cCF _hDVD _mWITC |
||
| 999 |
_c15797 _d15797 |
||